Физическая реальность векторного потенциала. Эффект Ааронова-Бома и монополь Дирака: учебное пособие

Detalles Bibliográficos
Autor Principal: Мейлихов Е. З. Евгений Залманович
Summary:Учебно-методическое пособие посвящено углублённому рассмотрению понятия векторного потенциала и связанных с ним интерференционных эффектов волновой механики. Изложение основано на использовании простых физических представлений и позволяет, не выходя за рамки общей физики, описать физическую сущность различных, но принципиально важных явлений. Среди них: дифрак­ция электронных пучков на «скрытых» источниках маг­нитного поля, осцилляции проводимости кольцевых структур, слабая локализация носителей тока в проводни­ках. Основная цель — показать, что, вопреки привычным представлениям классической физики, вполне наблюдае­мые эффекты в отсутствие «истинного» магнитного поля производятся его векторным потенциалом.Предназначено для студентов физических специальнос­тей, изучающих электродинамику и физику твердого тела.
Idioma:ruso
Publicado: Долгопрудный, Интеллект, 2015
Subjects:
Formato: Libro
KOHA link:https://koha.lib.tpu.ru/cgi-bin/koha/opac-detail.pl?biblionumber=282282

MARC

LEADER 00000nam0a2200000 4500
001 282282
005 20231101235501.0
010 |a 9785915591973 
035 |a (RuTPU)RU\TPU\book\306163 
090 |a 282282 
100 |a 20150129d2015 m y0rusy50 ca 
101 0 |a rus 
102 |a RU 
105 |a a j 001zy 
200 1 |a Физическая реальность векторного потенциала. Эффект Ааронова-Бома и монополь Дирака  |e учебное пособие  |f Е. З. Мейлихов 
210 |a Долгопрудный  |c Интеллект  |d 2015 
215 |a 63 с.  |c ил. 
320 |a Библиогр.: с. 63. 
330 |a Учебно-методическое пособие посвящено углублённому рассмотрению понятия векторного потенциала и связанных с ним интерференционных эффектов волновой механики. Изложение основано на использовании простых физических представлений и позволяет, не выходя за рамки общей физики, описать физическую сущность различных, но принципиально важных явлений. Среди них: дифрак­ция электронных пучков на «скрытых» источниках маг­нитного поля, осцилляции проводимости кольцевых структур, слабая локализация носителей тока в проводни­ках. Основная цель — показать, что, вопреки привычным представлениям классической физики, вполне наблюдае­мые эффекты в отсутствие «истинного» магнитного поля производятся его векторным потенциалом.Предназначено для студентов физических специальнос­тей, изучающих электродинамику и физику твердого тела. 
606 1 |a Квантовая электродинамика  |2 stltpush  |3 (RuTPU)RU\TPU\subj\14225  |9 40680 
610 1 |a физика 
610 1 |a вектор-потенциал 
610 1 |a эффект Ааронова-Бома 
610 1 |a монополь Дирака 
610 1 |a векторный потенциал 
610 1 |a градиентная инвариантность 
610 1 |a обобщенные импульсы 
610 1 |a квантование 
610 1 |a магнитные потоки 
610 1 |a сверхпроводники 
610 1 |a магнитные монополии 
610 1 |a гамильтонианы 
610 1 |a электронные пучки 
610 1 |a учебные пособия 
675 |a 537.8:530.145(075.8)  |v 4 
700 1 |a Мейлихов  |b Е. З.  |g Евгений Залманович 
801 1 |a RU  |b 63413507  |c 20150129 
801 2 |a RU  |b 63413507  |c 20150518  |g RCR 
900 |a Физика твердого тела 
900 |a Электродинамика 
900 |a Квантовая механика 
942 |c BK 
959 |a 4/20150129  |d 2  |e 660,00  |f ЧЗТЛ:1  |f АНЛ:1